Players who transfered from arsenal to manchester City - Statistics

General Stats
  • This quiz has been taken 237 times
  • The average score is 6 of 11
Answer Stats
Hint Answer % Correct
Ivory coast international Kolo Toure
87%
Arsenals best left back Gael Clichy
79%
Left to win titles (Blonde Bombshell) Samir Nasri
73%
Arsenals best right back Bacary Sagna
71%
Now a Man City Coach Mikel Arteta
62%
His dad washes elephants Emmanuel Adebayor
56%
Not moved to man city but moved to Man United :) Robin Van Persie
48%
Long haired bad goalkeeper David seaman
40%
Arsenals Best ever Midfieder patrick Viera
32%
Not moved to man city but moved to Chelsea :) Cesc Fabregas
29%
Backup Goalkeeper Richard Wright
16%
No matching quizzes found
Score Distribution
Percent of People with Each Score
Percentile by Number Answered
Your Score History
You have not taken this quiz